000 00449nam a2200181Ia 4500
001 18830
005 20260306171659.0
008 260306s9999||||xx |||||||||||||| ||und||
041 _aESP
082 _a658.5
_bP59
100 _aPinedo, Michael L.
_eAUT
245 0 _aPlanning and scheduling in manufacturing and services
260 _c2009
300 _a536 páginas :
_c24 cm.
650 _aGEN
654 _aCAN
942 _cLIB
_dJUS
_fJUS
_2ddc
_n
999 _c18830
_d18830